

| 000 -LEADER | |
|---|---|
| fixed length control field | 01654nam a2200217Ia 4500 |
| 003 - CONTROL NUMBER IDENTIFIER | |
| control field | OSt |
| 005 - DATE AND TIME OF LATEST TRANSACTION | |
| control field | 20201008115808.0 |
| 008 - FIXED-LENGTH DATA ELEMENTS--GENERAL INFORMATION | |
| fixed length control field | 160316s1979 xxu||||| |||| 00| 0 eng d |
| 020 ## - INTERNATIONAL STANDARD BOOK NUMBER | |
| International Standard Book Number | 9780915463237 |
| 040 ## - CATALOGING SOURCE | |
| Transcribing agency | nls |
| 082 ## - DEWEY DECIMAL CLASSIFICATION NUMBER | |
| Classification number | 339.500000 |
| Item number | REI |
| 100 ## - MAIN ENTRY--PERSONAL NAME | |
| Personal name | Reisman George |
| 245 ## - TITLE STATEMENT | |
| Title | The government against the economy : The story of the U.S. Government's on-going destruction of the American economic system through price controls |
| 260 ## - PUBLICATION, DISTRIBUTION, ETC. | |
| Place of publication, distribution, etc. | New York |
| Name of publisher, distributor, etc. | Caroline Publishers |
| Date of publication, distribution, etc. | 1979 |
| 300 ## - PHYSICAL DESCRIPTION | |
| Extent | 207p |
| 365 ## - TRADE PRICE | |
| Price amount | Rs. 6,690 |
| 505 ## - FORMATTED CONTENTS NOTE | |
| Formatted contents note | About this Item: Jameson Books, Ottawa, Illinois, 1979. Soft cover. Condition: Near Fine. No Jacket. Number line 9 8 7 6 5, only; the fifth printing. As new unread with no reading creases but with small bump to bottom outside corner of front wrap. Chapters on "Price Controls No Remedy for Inflation"; "Why the Arab Oil Embargo Would Not Have Been a Threat to a Free Economy"; "Rebuttal of the Charge that Large Stocks of Oil Proved the Oil Shortage Was 'Manufactured' by the Oil Companies"; "The Free Market's Efficiency in Responding to Economic Change"; "How Repeal of Rent Controls Would Restore Harmony Between Landlords and Tenants"; "The Administrative Chaos of Price Controls"; "The Chaos of Socialism"; "The Myth of Socialist Planning"; "The Tyranny of Socialism"; "The Necessity of Tyranny Under Socialism"; "The Necessity of Forced Labor Under Socialism"; "From Forced Labor to Mass Murder Under Socialism", etc. 207 pp. including Index and Notes |
| 650 ## - SUBJECT ADDED ENTRY--TOPICAL TERM | |
| Topical term or geographic name entry element | 1. Price Regulation - U S A 2. Wage - Price Policy 3. Free Enterprise - Industrial Policy |
| 700 ## - ADDED ENTRY--PERSONAL NAME | |
| Personal name | |
| -- | |
| 942 ## - ADDED ENTRY ELEMENTS (KOHA) | |
| Source of classification or shelving scheme | Dewey Decimal Classification |
| Koha item type | BOOKs |
| Withdrawn status | Lost status | Damaged status | Not for loan | Home library | Current library | Shelving location | Date acquired | Cost, normal purchase price | Total Checkouts | Full call number | Barcode | Date last seen | Price effective from | Koha item type |
|---|---|---|---|---|---|---|---|---|---|---|---|---|---|---|
| . | . | General Stacks | 30.05.2017 | 6690.00 | 339.5 REI | 34833 | 30.05.2017 | 30.05.2017 | BOOKs |